00969nam a22001937a 4500003000400000082001800004100002100022245015400043260004400197300000800241650001900249653003800268942001200306952010800318952010800426952010800534952011600642999001700758SGT a617.632bI21G aGrover, Vishakha aIn SIlico Screening and prediction of short antimicrobial peptides from periodontal health associated microbial genomes and their validation in vitro aGurugram, HaryanabSGT Universityc2021 a131 aPeriodontology aPeriodontology; microbial genomes 2ddccTH 00102ddc405171aFDbFDd2023-04-18iSGTUo617.632 I21GpDT1565r2023-04-18 00:00:00w2023-04-18yTH 00102ddc405171aFDbFDd2023-04-18iSGTUo617.632 I21GpDT1564r2023-04-18 00:00:00w2023-04-18yTH 00102ddc405171aFDbFDd2023-04-18iSGTUo617.632 I21GpDT1566r2023-04-18 00:00:00w2023-04-18yTH 00102ddc40718MEDICALaFMbFMcREFd2024-06-20l0o617.632 I21GpDT1694r2024-06-20 00:00:00w2024-06-20yTH c23892d23892